000 00602nam a2200181Ia 4500
003 GCL
008 140319s9999 xx 000 0 ara d
040 _aGCL /
_cGCL
082 0 4 _a813.03
_bا د
100 1 _aابراهيم درغوثى
245 1 0 _a"الدراويش يعودون الى المنفى ""رواية""" /
_cابراهيم درغوثى
260 _a[S.N] :
_bرياض الريس للكتب والنشر ،
_c1992
300 _a2060 ص
490 _aالسلسلة الروائية
_v0
650 0 4 _aالادب العربى
650 0 4 _aالقصص العربية
942 _2ddc
_cBK
999 _c54685
_d54685